000 00392cam a2200157ua 4500
041 _aeng
_h
082 _a635.954
_bMUR/GA
100 _aMurphy, Wendy B .
245 _aGardening under lights /
_cWendy B Murphy.
_hTextual Documents
260 _aVirginia :
_bTime life books ,
_c1959.
300 _a160 ; .
500 _a** Reference
504 _a
942 _cBK
999 _c4748
_d4748